Etika v účtovníckej praxi bakalárska práca

Gespeichert in:
Bibliographische Detailangaben
1. Verfasser: Kvasňáková, Mária
Körperschaft: Fakulta hospodárskej informatiky EU. Katedra účtovníctva a audítorstva
Weitere Verfasser: Vlkoláčková, Miroslava
Format: Buch
Sprache:Slowakisch
Veröffentlicht: Bratislava 2011
Tags: Tag hinzufügen
Keine Tags, Fügen Sie das erste Tag hinzu!

MARC

LEADER 00000nbm a2200000 4500
001 0141245
005 20161109111744.9
041 0 |a slo 
044 |a SK 
245 1 0 |a Etika v účtovníckej praxi  |b bakalárska práca  |c Mária Kvasňáková ; školiteľ: Miroslava Vlkoláčková 
264 1 |a Bratislava  |c 2011 
300 |a 40 s. 
100 1 |a Kvasňáková, Mária 
700 1 |a Vlkoláčková, Miroslava 
710 2 |a Fakulta hospodárskej informatiky EU. Katedra účtovníctva a audítorstva